[Event "Regionalliga SW 1617 (Women)"]
[Site "Germany"]
[Date "2017.03.26"]
[Round "5.4"]
[White "Bohrer, Katharina"]
[Black "Hiller, Vanessa"]
[Result "1-0"]
[WhiteElo "1110"]
[BlackElo "1651"]
[PlyCount "79"]
[EventDate "2016.10.23"]
[EventType "team-tourn"]
[EventRounds "5"]
[EventCountry "GER"]
[SourceTitle "EXT 2018"]
[Source "ChessBase"]
[SourceDate "2017.10.13"]
[SourceVersion "1"]
[SourceVersionDate "2017.10.13"]
[SourceQuality "1"]
[WhiteTeam "Birkenfeld (W)"]
[BlackTeam "Gernsheim (W)"]
[WhiteTeamCountry "GER"]
[BlackTeamCountry "GER"]

1. d4 d5 2. Nf3 Bf5 3. e3 Nf6 4. c4 e6 5. Nc3 Bb4 6. Bd2 c6 7. Be2 0-0 8. 0-0 Nbd7 9. Ne5 Nxe5 10. dxe5 Nd7 11. f4 f6 12. exf6 Rxf6 13. a3 Bd6 14. cxd5 exd5 15. Bf3 Nc5 16. b4 Ne4 17. Nxe4 Bxe4 18. Bxe4 dxe4 19. Bc3 Rh6 20. Qd4 Qe7 21. Rad1 c5 22. Qd5+ Kf8 23. Qf5+ Kg8 24. Rd5 Rf8 25. Qg4 cxb4 26. axb4 Rg6 27. Qh5 Bxb4 28. Re5 Qd6 29. Rd1 Qb6 30. Bd4 Qc6 31. Rg5 a5 32. f5 Rxg5 33. Qxg5 Qh6 34. Qg4 Re8 35. f6 g6 36. Rf1 Rf8 37. Qe6+ Rf7 38. Rc1 g5 39. Rc8+ Bf8 40. Bc5 1-0

[Event "Regionalliga SW 1617 (Women)"]
[Site "Germany"]
[Date "2016.11.13"]
[Round "2.2"]
[White "Hiller, Vanessa"]
[Black "Plumbaum, Nadja"]
[Result "1-0"]
[WhiteElo "1651"]
[BlackElo "1674"]
[PlyCount "43"]
[EventDate "2016.10.23"]
[EventType "team-tourn"]
[EventRounds "5"]
[EventCountry "GER"]
[SourceTitle "EXT 2018"]
[Source "ChessBase"]
[SourceDate "2017.10.13"]
[SourceVersion "1"]
[SourceVersionDate "2017.10.13"]
[SourceQuality "1"]
[WhiteTeam "Gernsheim (W) II"]
[BlackTeam "Aachen DJK (W)"]
[WhiteTeamCountry "GER"]
[BlackTeamCountry "GER"]

1. d4 d5 2. c4 Nf6 3. Nc3 Bf5 4. Bf4 a6 5. e3 e6 6. Nf3 Bd6 7. Bg5 Be7 8. Bxf6 Bxf6 9. cxd5 b5 10. dxe6 Bxe6 11. Bd3 Qd6 12. 0-0 c5 13. Ne4 Qe7 14. Nxc5 Nd7 15. Nxe6 Qxe6 16. Qc2 g6 17. Be4 Rd8 18. Qc6 Qe7 19. Bd3 Qe6 20. Rac1 0-0 21. Qxe6 fxe6 22. Rc6 1-0

[Event "Karl Mala Memorial op 13th"]
[Site "Frankfurt"]
[Date "2010.07.17"]
[Round "3"]
[White "Hiller, Vanessa"]
[Black "Bittner, Deniz"]
[Result "1-0"]
[WhiteElo "1593"]
[BlackElo "1151"]
[PlyCount "59"]
[EventDate "2010.07.08"]
[EventType "swiss"]
[EventRounds "7"]
[EventCountry "GER"]
[SourceTitle "EXT 2012"]
[Source "ChessBase"]
[SourceDate "2011.11.24"]
[SourceVersion "1"]
[SourceVersionDate "2011.11.24"]
[SourceQuality "1"]

1. d4 e6 2. c4 Nf6 3. Nc3 d5 4. Bg5 Be7 5. Nf3 h6 6. Bh4 0-0 7. e3 b6 8. Bd3 Nbd7 9. 0-0 c5 10. Rc1 Ba6 11. Ne2 Re8 12. Qa4 dxc4 13. Qxa6 cxd3 14. Qxd3 Nd5 15. Bxe7 Qxe7 16. Ng3 Rac8 17. a3 N5f6 18. Rfd1 e5 19. Nf5 Qe6 20. d5 Nxd5 21. Qxd5 Nf6 22. Qxe6 Rxe6 23. Nd2 b5 24. f3 Kh7 25. e4 Nh5 26. Nb1 Rc7 27. Rd5 Nf4 28. Rdxc5 Ne2+ 29. Kf1 Nxc1 30. Rxc7 1-0

[Event "Karl Mala Memorial op 13th"]
[Site "Frankfurt"]
[Date "2010.07.10"]
[Round "4"]
[White "Zoeller, Thomas"]
[Black "Hiller, Vanessa"]
[Result "1-0"]
[WhiteElo "2026"]
[BlackElo "1593"]
[PlyCount "57"]
[EventDate "2010.07.08"]
[EventType "swiss"]
[EventRounds "7"]
[EventCountry "GER"]
[SourceTitle "EXT 2012"]
[Source "ChessBase"]
[SourceDate "2011.11.24"]
[SourceVersion "1"]
[SourceVersionDate "2011.11.24"]
[SourceQuality "1"]

1. e4 c5 2. Nf3 Nc6 3. d4 cxd4 4. Nxd4 g6 5. Nc3 Bg7 6. Be3 d6 7. Qd2 Nf6 8. f3 Bd7 9. Bc4 0-0 10. 0-0-0 a6 11. Kb1 Rc8 12. Bb3 Na5 13. g4 Re8 14. h4 Nxb3 15. Nxb3 Bc6 16. h5 b5 17. hxg6 fxg6 18. Qh2 Qc7 19. Nd4 Bb7 20. Ne6 Qc4 21. Nxg7 Kxg7 22. Qh6+ Kg8 23. g5 Nh5 24. Rxh5 gxh5 25. g6 hxg6 26. Qxg6+ Kh8 27. Qh6+ Kg8 28. Rg1+ Kf7 29. Qg6+ 1-0

[Event "Karl Mala Memorial op 12th"]
[Site "Frankfurt"]
[Date "2009.07.19"]
[Round "7"]
[White "Hiller, Vanessa"]
[Black "Anders, Eric"]
[Result "1-0"]
[WhiteElo "1601"]
[BlackElo "1419"]
[PlyCount "79"]
[EventDate "2009.07.16"]
[EventType "swiss"]
[EventRounds "7"]
[EventCountry "GER"]
[SourceTitle "EXT 2010"]
[Source "ChessBase"]
[SourceDate "2010.11.25"]
[SourceVersion "1"]
[SourceVersionDate "2010.11.25"]
[SourceQuality "1"]

1. d4 Nf6 2. c4 g6 3. Nc3 Bg7 4. Bf4 d6 5. Nf3 0-0 6. e3 Nbd7 7. Bd3 Ne8 8. h3 e5 9. dxe5 dxe5 10. Bg3 Nc5 11. Bc2 Qd6 12. 0-0 f5 13. Nb5 Qxd1 14. Raxd1 a6 15. Nc3 e4 16. Ne5 c6 17. b4 Ne6 18. Ne2 Nf6 19. c5 Kh8 20. Bb3 Nh5 21. Bh2 f4 22. exf4 Nhxf4 23. Nxf4 Bxe5 24. Nxe6 Bxh2+ 25. Kxh2 Bxe6 26. Bxe6 a5 27. a3 axb4 28. axb4 Rf6 29. Bb3 Raf8 30. Kg1 Re8 31. Rde1 Rf4 32. Re3 Rd8 33. Rd1 Rd3 34. Rdxd3 exd3 35. Rxd3 Rxb4 36. Kf1 b6 37. cxb6 Rxb6 38. Rc3 c5 39. Ke2 Kg7 40. Kd3 1-0

[Event "Karl Mala Memorial op 12th"]
[Site "Frankfurt"]
[Date "2009.07.18"]
[Round "5"]
[White "Hiller, Vanessa"]
[Black "Donchenko, Alexander"]
[Result "0-1"]
[WhiteElo "1601"]
[BlackElo "2009"]
[PlyCount "64"]
[EventDate "2009.07.16"]
[EventType "swiss"]
[EventRounds "7"]
[EventCountry "GER"]
[SourceTitle "EXT 2010"]
[Source "ChessBase"]
[SourceDate "2010.11.25"]
[SourceVersion "1"]
[SourceVersionDate "2010.11.25"]
[SourceQuality "1"]

1. d4 d5 2. c4 dxc4 3. Nc3 a6 4. a4 e6 5. e4 Bb4 6. Bxc4 Nf6 7. Bg5 c5 8. d5 exd5 9. Bxd5 0-0 10. Nge2 Nc6 11. Bxc6 Qxd1+ 12. Rxd1 bxc6 13. 0-0 Be6 14. Rd6 Rac8 15. f3 h6 16. Be3 Bc4 17. Rc1 Rfd8 18. Rcd1 Re8 19. Kf2 Bb3 20. R1d3 c4 21. R3d4 Bxd6 22. Rxd6 Red8 23. Rxd8+ Rxd8 24. Nd4 Rc8 25. Ke2 Nd7 26. Kd2 Nc5 27. Nxb3 Rd8+ 28. Kc2 cxb3+ 29. Kc1 Nd3+ 30. Kb1 Ne1 31. Kc1 Nxg2 32. Bc5 Ne1 0-1

[Event "Karl Mala Memorial op 12th"]
[Site "Frankfurt"]
[Date "2009.07.17"]
[Round "3"]
[White "Holgert, Michael"]
[Black "Hiller, Vanessa"]
[Result "1-0"]
[WhiteElo "2028"]
[BlackElo "1601"]
[PlyCount "47"]
[EventDate "2009.07.16"]
[EventType "swiss"]
[EventRounds "7"]
[EventCountry "GER"]
[SourceTitle "EXT 2010"]
[Source "ChessBase"]
[SourceDate "2010.11.25"]
[SourceVersion "1"]
[SourceVersionDate "2010.11.25"]
[SourceQuality "1"]

1. e4 c5 2. Nc3 Nc6 3. Bb5 g6 4. Bxc6 bxc6 5. d3 Bg7 6. f4 Nf6 7. Nf3 0-0 8. 0-0 Rb8 9. Kh1 Ba6 10. Qe1 Qc7 11. Qh4 Rfe8 12. e5 Nd5 13. Ne4 d6 14. c4 Nb4 15. f5 dxe5 16. fxg6 fxg6 17. Nfg5 h5 18. Ne6 Qd7 19. Nxg7 Kxg7 20. Qg5 Rf8 21. Qh6+ Kg8 22. Qxg6+ Kh8 23. Qxh5+ Kg8 24. Bh6 1-0

[Event "GER-chT U20 Girls"]
[Site "Arendsee"]
[Date "2008.12.28"]
[Round "2.3"]
[White "Hiller, Vanessa"]
[Black "Neumann, Tanja"]
[Result "0-1"]
[WhiteElo "1471"]
[BlackElo "1453"]
[PlyCount "128"]
[EventDate "2008.12.27"]
[EventType "team-swiss"]
[EventRounds "5"]
[EventCountry "GER"]
[SourceTitle "EXT 2010"]
[Source "ChessBase"]
[SourceDate "2010.11.25"]
[SourceVersion "1"]
[SourceVersionDate "2010.11.25"]
[SourceQuality "1"]
[WhiteTeam "Rossdorf U20 Girls"]
[BlackTeam "Wadgassen/Differten U20 Girls"]
[WhiteTeamCountry "GER"]
[BlackTeamCountry "GER"]

1. d4 Nf6 2. c4 e6 3. Nf3 b6 4. a3 Bb7 5. Nc3 Be7 6. e3 0-0 7. Bd3 d5 8. cxd5 Bxd5 9. Nxd5 exd5 10. Bd2 Nbd7 11. Rc1 c5 12. dxc5 bxc5 13. Bc3 Rc8 14. 0-0 Qb6 15. Bf5 Rcd8 16. Qd2 Qd6 17. Rfd1 g6 18. Bc2 Rfe8 19. Bb3 c4 20. Ba4 Rf8 21. Bb4 Nc5 22. Qd4 Nfe4 23. Ne5 Bf6 24. Nxc4 Bxd4 25. Nxd6 Nxa4 26. Rxd4 Nxd6 27. Bxd6 Rxd6 28. Rxa4 a6 29. Rd4 Rb8 30. b4 f5 31. Rc7 a5 32. Rc5 axb4 33. axb4 Kg7 34. b5 Rbd8 35. Kf1 Kf6 36. Rc6 Ke5 37. f4+ Ke6 38. Rxd6+ Rxd6 39. Kf2 Rb6 40. Rb4 Kd6 41. Kf3 Kc5 42. Rb1 Rxb5 43. Rxb5+ Kxb5 44. h3 Kc4 45. g4 Kd3 46. gxf5 gxf5 47. h4 h5 48. Kf2 d4 49. exd4 Kxd4 50. Kf3 Kd3 51. Kf2 Ke4 52. Kg3 Ke3 53. Kg2 Kxf4 54. Kh3 Kf3 55. Kh2 Kg4 56. Kg2 Kxh4 57. Kf3 Kg5 58. Kg3 h4+ 59. Kf3 f4 60. Kg2 Kg4 61. Kf2 f3 62. Kg1 Kg3 63. Kh1 h3 64. Kg1 f2+ 0-1

[Event "GER-chT U20 Girls"]
[Site "Arendsee"]
[Date "2008.12.27"]
[Round "1.3"]
[White "Haecker, Katrin"]
[Black "Hiller, Vanessa"]
[Result "0-1"]
[WhiteElo "1567"]
[BlackElo "1471"]
[PlyCount "92"]
[EventDate "2008.12.27"]
[EventType "team-swiss"]
[EventRounds "5"]
[EventCountry "GER"]
[SourceTitle "EXT 2010"]
[Source "ChessBase"]
[SourceDate "2010.11.25"]
[SourceVersion "1"]
[SourceVersionDate "2010.11.25"]
[SourceQuality "1"]
[WhiteTeam "Stuttgart Wolfbusch U20 Girls"]
[BlackTeam "Rossdorf U20 Girls"]
[WhiteTeamCountry "GER"]
[BlackTeamCountry "GER"]

1. e4 c5 2. Nf3 Nc6 3. d4 cxd4 4. Nxd4 g6 5. Nc3 Bg7 6. Be3 Nf6 7. Bc4 0-0 8. Bb3 a6 9. a4 d6 10. h3 Bd7 11. 0-0 Qc8 12. Re1 Na5 13. Nd5 Nxd5 14. exd5 Nxb3 15. cxb3 e6 16. Qf3 e5 17. Rac1 Qd8 18. Ne2 f5 19. Nc3 Be8 20. Qd1 Bf7 21. b4 f4 22. Bd2 Rc8 23. Qb3 Qb6 24. a5 Qd8 25. Ne4 Qd7 26. b5 axb5 27. Bb4 Rxc1 28. Rxc1 Rd8 29. Bxd6 Qf5 30. f3 Bf8 31. Bc7 Rxd5 32. Qc3 b4 33. Qe1 Kg7 34. Nd2 Bc5+ 35. Kh1 Be3 36. Rd1 Qd7 37. Bxe5+ Rxe5 38. Nc4 Rd5 39. Rxd5 Qxd5 40. Nxe3 fxe3 41. Qxe3 Qxa5 42. Qd4+ Kg8 43. Kh2 h5 44. Qd7 Qe5+ 45. Kg1 Qxb2 46. Qxb7 b3 0-1

[Event "GER-ch U18 Girls"]
[Site "Willingen"]
[Date "2007.05.29"]
[Round "6"]
[White "Hiller, Vanessa"]
[Black "Ludwig, Lisa"]
[Result "0-1"]
[WhiteElo "1331"]
[BlackElo "1555"]
[PlyCount "92"]
[EventDate "2007.05.26"]
[EventType "swiss"]
[EventRounds "9"]
[EventCountry "GER"]
[SourceTitle "CBM 118 Extra"]
[Source "ChessBase"]
[SourceDate "2007.07.04"]
[SourceVersion "1"]
[SourceVersionDate "2007.07.04"]
[SourceQuality "1"]

1. c4 Nf6 2. Nc3 g6 3. Nf3 Bg7 4. g3 0-0 5. Bg2 d6 6. d3 e5 7. 0-0 Nc6 8. Bg5 h6 9. Be3 Nh5 10. Qc1 Kh7 11. h3 f5 12. Nh2 f4 13. Bd2 fxg3 14. fxg3 Nxg3 15. Rxf8 Qxf8 16. Qe1 Nh5 17. Qf1 Be6 18. Nb5 Qxf1+ 19. Rxf1 Rc8 20. Bxc6 bxc6 21. Nxa7 Rb8 22. Bc3 Rb6 23. Be1 Ra6 24. Bf2 Rxa2 25. Nxc6 Rxb2 26. Ba7 Rxe2 27. Rf2 Rxf2 28. Kxf2 Bxh3 29. Bb8 Bf5 30. Ke3 Bf8 31. Bxc7 Nf4 32. d4 Ne6 33. Bb6 exd4+ 34. Nxd4 Nxd4 35. Kxd4 Be6 36. c5 dxc5+ 37. Bxc5 Bxc5+ 38. Kxc5 Kg7 39. Kd4 Kf6 40. Ke3 Kf5 41. Kf3 Bd5+ 42. Kg3 g5 43. Nf1 h5 44. Ne3+ Ke4 45. Ng2 Bc6 46. Ne1 Kf5 0-1

[Event "GER-ch U18 Girls"]
[Site "Willingen"]
[Date "2007.05.29"]
[Round "5"]
[White "Thiele, Andra"]
[Black "Hiller, Vanessa"]
[Result "1-0"]
[WhiteElo "1626"]
[BlackElo "1331"]
[PlyCount "103"]
[EventDate "2007.05.26"]
[EventType "swiss"]
[EventRounds "9"]
[EventCountry "GER"]
[SourceTitle "CBM 118 Extra"]
[Source "ChessBase"]
[SourceDate "2007.07.04"]
[SourceVersion "1"]
[SourceVersionDate "2007.07.04"]
[SourceQuality "1"]

1. e4 c5 2. Nf3 Nc6 3. d4 cxd4 4. Nxd4 g6 5. Nc3 Bg7 6. Be3 Nf6 7. Bc4 0-0 8. f3 Qb6 9. Qd2 Nxe4 10. Nxc6 Nxd2 11. Nxe7+ Kh8 12. Bxb6 Nxc4 13. Bc5 Re8 14. 0-0-0 b6 15. Nxc8 bxc5 16. Nd6 Nxd6 17. Rxd6 Bxc3 18. bxc3 Re7 19. Rhd1 Rae8 20. R6d5 Kg7 21. Rxc5 Re2 22. Rd2 Re1+ 23. Rd1 R1e2 24. Rd2 Re1+ 25. Kb2 Rb8+ 26. Ka3 Re6 27. Ra5 Re3 28. Rc5 Re6 29. Rc4 Ra6+ 30. Ra4 Rc6 31. Rd3 Rb7 32. Rb4 Rbc7 33. Kb3 h5 34. a4 f6 35. Rbd4 Rb6+ 36. Ka3 Rbb7 37. a5 a6 38. Rd6 Ra7 39. Rb6 Rc6 40. Rd6 Rxd6 41. Rxd6 Kf7 42. c4 Ke7 43. c5 Rc7 44. Rxa6 Rxc5 45. Kb3 Rc7 46. Rb6 Ra7 47. a6 g5 48. Kb4 f5 49. Kb5 Rc7 50. c4 Kd8 51. Rb8+ Rc8 52. a7 1-0

[Event "GER-ch U18 Girls"]
[Site "Willingen"]
[Date "2007.05.26"]
[Round "1"]
[White "Hiller, Vanessa"]
[Black "Mucha, Annegret"]
[Result "0-1"]
[WhiteElo "1331"]
[BlackElo "1891"]
[PlyCount "92"]
[EventDate "2007.05.26"]
[EventType "swiss"]
[EventRounds "9"]
[EventCountry "GER"]
[SourceTitle "CBM 118 Extra"]
[Source "ChessBase"]
[SourceDate "2007.07.04"]
[SourceVersion "1"]
[SourceVersionDate "2007.07.04"]
[SourceQuality "1"]

1. c4 e6 2. Nc3 d5 3. cxd5 exd5 4. Nf3 c6 5. e3 f5 6. b3 Nf6 7. Bb2 Bd6 8. Bd3 0-0 9. Qc2 Ne4 10. Nd4 g6 11. g3 Qe7 12. f3 Nf6 13. 0-0-0 a6 14. h3 c5 15. Nde2 b5 16. Nf4 Bb7 17. Kb1 d4 18. exd4 cxd4 19. Rde1 Qd7 20. Ne6 dxc3 21. Nxf8 Bxf8 22. Qxc3 Bg7 23. g4 fxg4 24. hxg4 Nc6 25. Re3 Nd5 26. Qxg7+ Qxg7 27. Bxg7 Nxe3 28. dxe3 Kxg7 29. Rd1 Ne5 30. Be4 Bxe4+ 31. fxe4 Nxg4 32. Rd3 Re8 33. Rd6 Rxe4 34. Rxa6 Rxe3 35. Ra5 Re5 36. Kc2 h5 37. Kc3 h4 38. a4 bxa4 39. Rxa4 h3 40. Rxg4 h2 41. Rh4 Rh5 42. Rxh2 Rxh2 43. b4 g5 44. b5 g4 45. b6 g3 46. b7 Rh8 0-1

[Event "Karl Mala Memorial op 10th"]
[Site "Griesheim"]
[Date "2006.07.22"]
[Round "4"]
[White "Blanke, Manon"]
[Black "Hiller, Vanessa"]
[Result "1-0"]
[WhiteElo "1506"]
[BlackElo "1185"]
[PlyCount "121"]
[EventDate "2006.07.20"]
[EventType "swiss"]
[EventRounds "7"]
[EventCountry "GER"]
[SourceTitle "CBM 113 Extra"]
[Source "ChessBase"]
[SourceDate "2006.09.14"]
[SourceVersion "1"]
[SourceVersionDate "2006.09.14"]
[SourceQuality "1"]

1. d4 Nf6 2. Bg5 d6 3. Bxf6 gxf6 4. e4 e5 5. c3 Bg7 6. Bd3 Nc6 7. Ne2 Ne7 8. Ng3 c6 9. Nd2 Be6 10. Nb3 Qd7 11. Qc2 0-0-0 12. 0-0-0 Rhg8 13. Kb1 d5 14. f3 Kb8 15. Nc5 Qc7 16. Qb3 dxe4 17. Nxe6 fxe6 18. Bxe4 f5 19. Bc2 exd4 20. cxd4 Nd5 21. Nh5 Bh8 22. g3 Qb6 23. Qxb6 Nxb6 24. Nf4 Rge8 25. Rhe1 e5 26. dxe5 Rxd1+ 27. Bxd1 Rxe5 28. Nd3 Rxe1 29. Nxe1 Nc4 30. b3 Nd2+ 31. Kc1 Nf1 32. Bc2 Nxh2 33. Bxf5 Bc3 34. Nc2 Nxf3 35. Bxh7 a5 36. Kd1 Kc7 37. Ne3 b5 38. Bd3 Kb6 39. Kc2 Be5 40. g4 Ne1+ 41. Kd2 Nxd3 42. Kxd3 Kc7 43. Ke4 Kd6 44. Nf5+ Ke6 45. Nd4+ Kf6 46. g5+ Kxg5 47. Kxe5 Kg6 48. Nxc6 a4 49. b4 Kf7 50. Kd6 Kf8 51. Kc5 Ke8 52. Kxb5 a3 53. Kc5 Kd7 54. Ne5+ Kc7 55. Nc4 Kb7 56. Nxa3 Ka6 57. Kc6 Ka7 58. b5 Kb8 59. Nc4 Ka7 60. Kc7 Ka8 61. Kc8 1-0

[Event "Karl Mala Memorial op 10th"]
[Site "Griesheim"]
[Date "2006.07.20"]
[Round "1"]
[White "Nies, Peter"]
[Black "Hiller, Vanessa"]
[Result "1-0"]
[WhiteElo "1989"]
[BlackElo "1185"]
[PlyCount "41"]
[EventDate "2006.07.20"]
[EventType "swiss"]
[EventRounds "7"]
[EventCountry "GER"]
[SourceTitle "CBM 113 Extra"]
[Source "ChessBase"]
[SourceDate "2006.09.14"]
[SourceVersion "1"]
[SourceVersionDate "2006.09.14"]
[SourceQuality "1"]

1. e4 d6 2. d4 Nf6 3. Bc4 Nxe4 4. Bxf7+ Kxf7 5. Qh5+ g6 6. Qd5+ Be6 7. Qxe4 c6 8. Nf3 Bf5 9. Qf4 Bg7 10. g4 e5 11. dxe5 dxe5 12. Ng5+ Ke7 13. Qb4+ Kf6 14. gxf5 Bh6 15. Ne6 Qd5 16. Bxh6 Qxh1+ 17. Ke2 e4 18. Nd2 Qxa1 19. Bg5+ Kf7 20. Qe7+ Kg8 21. Qg7# 1-0

[Event "Karl Mala Memorial op 09th"]
[Site "Frankfurt"]
[Date "2005.07.31"]
[Round "6"]
[White "Buhlmann, Christian"]
[Black "Hiller, Vanessa"]
[Result "1-0"]
[WhiteElo "1394"]
[BlackElo "1115"]
[PlyCount "59"]
[EventDate "2005.07.28"]
[EventType "swiss"]
[EventRounds "7"]
[EventCountry "GER"]
[SourceTitle "EXT 2006"]
[Source "ChessBase"]
[SourceDate "2005.11.24"]
[SourceVersion "1"]
[SourceVersionDate "2005.11.24"]
[SourceQuality "1"]

1. d4 d5 2. c4 Nc6 3. Nc3 Nf6 4. Bf4 Bf5 5. e3 e6 6. Nf3 Bb4 7. Bd3 Ne4 8. Bxe4 Bxe4 9. 0-0 0-0 10. Nxe4 dxe4 11. Ne5 f6 12. Nxc6 bxc6 13. Qa4 c5 14. a3 cxd4 15. Qxb4 dxe3 16. Bxe3 f5 17. f4 exf3 18. Rxf3 f4 19. Rxf4 Rxf4 20. Bxf4 Qd4+ 21. Kh1 Qxf4 22. Qb7 Rf8 23. g3 Qxc4 24. Kg2 Qc2+ 25. Kh3 Rf2 26. Qc8+ Rf8 27. Qxe6+ Rf7 28. Rf1 Qg6 29. Qe8+ Rf8 30. Qxf8# 1-0

[Event "Karl Mala Memorial op 09th"]
[Site "Frankfurt"]
[Date "2005.07.31"]
[Round "7"]
[White "Hiller, Vanessa"]
[Black "Lemonidis, Pascal"]
[Result "1-0"]
[WhiteElo "1115"]
[BlackElo "988"]
[PlyCount "63"]
[EventDate "2005.07.28"]
[EventType "swiss"]
[EventRounds "7"]
[EventCountry "GER"]
[SourceTitle "EXT 2006"]
[Source "ChessBase"]
[SourceDate "2005.11.24"]
[SourceVersion "1"]
[SourceVersionDate "2005.11.24"]
[SourceQuality "1"]

1. e4 e5 2. Nf3 Nc6 3. Bc4 Nf6 4. Ng5 d5 5. exd5 Na5 6. Bb5+ c6 7. dxc6 bxc6 8. Ba4 Bc5 9. 0-0 0-0 10. d3 h6 11. Nf3 Bg4 12. Bd2 Nb7 13. Bxc6 Qc7 14. Bxb7 Qxb7 15. Be3 Bd6 16. h3 Bh5 17. Nc3 Rad8 18. g4 Nxg4 19. hxg4 Bxg4 20. Ne4 Qc6 21. Kg2 f5 22. Nxd6 Rxd6 23. Kg3 e4 24. Ne5 Qe8 25. Qd2 Rff6 26. Bf4 Rde6 27. Nxg4 Rg6 28. f3 exf3 29. Kxf3 Rxg4 30. Rfe1 Qh5 31. Rh1 Rg1+ 32. Rxh5 1-0

[Event "Karl Mala Memorial op 09th"]
[Site "Frankfurt"]
[Date "2005.07.30"]
[Round "5"]
[White "Hiller, Vanessa"]
[Black "Schubert, Johannes"]
[Result "0-1"]
[WhiteElo "1115"]
[BlackElo "1469"]
[PlyCount "48"]
[EventDate "2005.07.28"]
[EventType "swiss"]
[EventRounds "7"]
[EventCountry "GER"]
[SourceTitle "EXT 2006"]
[Source "ChessBase"]
[SourceDate "2005.11.24"]
[SourceVersion "1"]
[SourceVersionDate "2005.11.24"]
[SourceQuality "1"]

1. e4 c5 2. Nf3 Nc6 3. Bc4 d6 4. Ng5 e6 5. d3 Be7 6. f4 a6 7. a3 b5 8. Ba2 Nf6 9. f5 d5 10. fxe6 fxe6 11. Nd2 0-0 12. 0-0 Qc7 13. exd5 exd5 14. b4 c4 15. dxc4 bxc4 16. Nxc4 h6 17. Rxf6 Bxf6 18. Qxd5+ Kh8 19. Qc5 Bd4+ 20. Be3 Bxc5 21. Bxc5 Rf5 22. Nd6 Rxg5 23. Nf7+ Kh7 24. Nxg5+ hxg5 0-1

[Event "Karl Mala Memorial op 09th"]
[Site "Frankfurt"]
[Date "2005.07.29"]
[Round "2"]
[White "Gutfleisch, Ralf"]
[Black "Hiller, Vanessa"]
[Result "1-0"]
[WhiteElo "1674"]
[BlackElo "1115"]
[PlyCount "103"]
[EventDate "2005.07.28"]
[EventType "swiss"]
[EventRounds "7"]
[EventCountry "GER"]
[SourceTitle "EXT 2006"]
[Source "ChessBase"]
[SourceDate "2005.11.24"]
[SourceVersion "1"]
[SourceVersionDate "2005.11.24"]
[SourceQuality "1"]

1. e4 e5 2. Nf3 Nc6 3. Nc3 Bc5 4. Nxe5 Nxe5 5. d4 Bxd4 6. Qxd4 d6 7. Bf4 c5 8. Bb5+ Kf8 9. Qd2 Bg4 10. Be2 Bxe2 11. Qxe2 Nf6 12. 0-0 Nc6 13. Nb5 d5 14. Bd6+ Kg8 15. exd5 Nxd5 16. Rad1 Nd4 17. Nxd4 Qxd6 18. Nb5 Qc6 19. Qc4 Nb6 20. Qd3 g6 21. c4 Na4 22. Qc2 Nb6 23. Rd6 Qc8 24. Rfd1 Qg4 25. Qc3 Rf8 26. b3 h5 27. h3 Qe2 28. R6d2 Qe7 29. Nxa7 Kh7 30. Nb5 Rd8 31. Qe3 Qxe3 32. fxe3 Rxd2 33. Rxd2 Re8 34. Kf2 f5 35. Rd6 Nc8 36. Rd7+ Kh6 37. Rxb7 Rd8 38. Ke2 Re8 39. Rb8 f4 40. Kf2 fxe3+ 41. Ke2 Rd8 42. Kxe3 Re8+ 43. Kf4 g5+ 44. Kg3 Re3+ 45. Kf2 Re8 46. Na7 Rf8+ 47. Kg1 g4 48. Rxc8 Rxc8 49. Nxc8 gxh3 50. gxh3 Kg5 51. Kg2 Kf6 52. Kf3 1-0

[Event "Karl Mala Memorial op 09th"]
[Site "Frankfurt"]
[Date "2005.07.28"]
[Round "1"]
[White "Hiller, Vanessa"]
[Black "Werthebach, Felix"]
[Result "0-1"]
[WhiteElo "1115"]
[BlackElo "1972"]
[PlyCount "74"]
[EventDate "2005.07.28"]
[EventType "swiss"]
[EventRounds "7"]
[EventCountry "GER"]
[SourceTitle "EXT 2006"]
[Source "ChessBase"]
[SourceDate "2005.11.24"]
[SourceVersion "1"]
[SourceVersionDate "2005.11.24"]
[SourceQuality "1"]

1. e4 c5 2. Nf3 e6 3. c3 Nf6 4. e5 Nd5 5. Bc4 Nb6 6. Bb3 Nc6 7. d4 cxd4 8. cxd4 d6 9. exd6 Bxd6 10. d5 exd5 11. Bxd5 Nxd5 12. Qxd5 Bb4+ 13. Nc3 Qxd5 14. 0-0 Bxc3 15. bxc3 0-0 16. Re1 b6 17. Ba3 Rd8 18. h3 Bb7 19. Rac1 Qxa2 20. Be7 Nxe7 21. Rxe7 Bxf3 22. gxf3 h6 23. c4 Qa3 24. Ree1 Qxf3 25. Re3 Rd1+ 26. Rxd1 Qxd1+ 27. Kg2 Rc8 28. Rc3 Rxc4 29. Rxc4 Qd5+ 30. Kg1 Qxc4 31. h4 Qxh4 32. Kf1 a5 33. f3 Qh2 34. f4 a4 35. Ke1 a3 36. Kd1 a2 37. Kc1 a1Q# 0-1

[Event "Hessen-ch U14/18 Girls"]
[Site "Bad Homburg"]
[Date "2005.??.??"]
[Round "8"]
[White "Oez, Eda"]
[Black "Hiller, Vanessa"]
[Result "1/2-1/2"]
[WhiteElo "964"]
[BlackElo "1174"]
[PlyCount "37"]
[EventDate "2005.04.??"]
[EventType "swiss"]
[EventRounds "8"]
[EventCountry "GER"]
[SourceTitle "EXT 2007"]
[Source "ChessBase"]
[SourceDate "2006.11.23"]
[SourceVersion "1"]
[SourceVersionDate "2006.11.23"]
[SourceQuality "1"]

1. e4 e5 2. Nf3 Nc6 3. Bc4 Bc5 4. 0-0 Nf6 5. Nc3 0-0 6. d3 d6 7. Bg5 Be6 8. Nd5 Bxd5 9. Bxd5 h6 10. Be3 Bb6 11. Bb3 Re8 12. h3 d5 13. exd5 Nxd5 14. Re1 Nxe3 15. fxe3 e4 16. Nh2 Ba5 17. Rf1 exd3 18. Bxf7+ Kh8 19. Bxe8 1/2-1/2